[Event "Voronezh op-B 23rd"]
[Site "Voronezh"]
[Date "2019.06.15"]
[Round "4"]
[White "Rudakov, Sergey S"]
[Black "Zhileykin, Andrey"]
[Result "0-1"]
[WhiteElo "1880"]
[BlackElo "2193"]
[PlyCount "125"]
[EventDate "2019.06.12"]
[EventType "swiss"]
[EventRounds "9"]
[EventCountry "RUS"]
[SourceTitle "EXT 2020"]
[Source "ChessBase"]
[SourceDate "2019.10.17"]
[SourceVersion "1"]
[SourceVersionDate "2019.10.17"]
[SourceQuality "1"]

1. e4 c5 2. Nf3 d6 3. d4 cxd4 4. Nxd4 Nf6 5. Nc3 a6 6. Be2 e5 7. Nb3 Be7 8. 0-0 0-0 9. Bg5 Be6 10. f4 exf4 11. Bxf4 Nc6 12. Kh1 Rc8 13. Nd4 Nxd4 14. Qxd4 Qc7 15. Rac1 Rfd8 16. Nd5 Bxd5 17. exd5 Qc5 18. Qxc5 dxc5 19. c4 Bd6 20. Bxd6 Rxd6 21. Bf3 Re8 22. Rfe1 Kf8 23. b4 Nd7 24. a3 g6 25. g3 Rxe1+ 26. Rxe1 Rb6 27. Rb1 a5 28. b5 Ne5 29. Be2 Rf6 30. Kg2 Ke7 31. b6 Nd7 32. Rb5 Rxb6 33. Rxa5 Ra6 34. Rb5 b6 35. Rb3 Kd6 36. Bg4 f5 37. Be2 Ra8 38. Re3 Ne5 39. Rb3 Ra6 40. Kf2 Nf7 41. Re3 Ng5 42. Bf3 Ra4 43. Rb3 Rxc4 44. Rxb6+ Ke5 45. d6 Rc2+ 46. Ke3 Rc3+ 47. Ke2 Ke6 48. Bb7 Rxa3 49. Bc8+ Kf7 50. Rb7+ Kf6 51. Rc7 Ra2+ 52. Kd3 Ne4 53. d7 Ke7 54. h4 Rd2+ 55. Ke3 Rd6 56. Rb7 Kd8 57. Ra7 c4 58. Ba6 c3 59. Bb5 c2 60. Ra8+ Ke7 61. Re8+ Kf7 62. Rc8 Nf6 63. Rc7 0-1

[Event "Voronezh Region-ch"]
[Site "Voronezh"]
[Date "2018.11.30"]
[Round "8"]
[White "Artemov, Nikita"]
[Black "Zhileykin, Andrey"]
[Result "0-1"]
[WhiteElo "2008"]
[BlackElo "2222"]
[PlyCount "94"]
[EventDate "2018.11.23"]
[EventType "swiss"]
[EventRounds "9"]
[EventCountry "RUS"]
[SourceTitle "CBM 188 Extra"]
[Source "ChessBase"]
[SourceDate "2019.02.28"]
[SourceVersion "1"]
[SourceVersionDate "2019.02.28"]
[SourceQuality "1"]

1. e4 c5 2. Nf3 Nc6 3. Bb5 Nf6 4. Nc3 Qc7 5. 0-0 Nd4 6. Re1 Ng4 7. e5 Nxf3+ 8. Qxf3 Nxe5 9. Qe4 f6 10. Nd5 Qd6 11. d4 cxd4 12. f4 Nc6 13. f5 Nb4 14. Nxb4 Qxb4 15. a4 Qc5 16. b4 Qe5 17. Qxe5 fxe5 18. Rxe5 a6 19. Bd3 e6 20. fxe6 dxe6 21. Bb2 Bxb4 22. Bxd4 Be7 23. Rh5 Bf6 24. Bg6+ Kd7 25. Bxf6 gxf6 26. Rxh7+ Rxh7 27. Bxh7 f5 28. Bg6 Ke7 29. Bh5 Bd7 30. Bf3 a5 31. Bxb7 Rb8 32. Ba6 Rb2 33. Bb5 Rxc2 34. Rb1 Bc8 35. Bd3 Ra2 36. Rc1 Bd7 37. Rc7 Kd6 38. Ra7 Bc6 39. Bf1 Rxa4 40. Kf2 Rf4+ 41. Ke2 a4 42. g3 Rb4 43. h4 Rg4 44. h5 Rxg3 45. h6 Rg6 46. h7 Rh6 47. Kf2 Bd7 0-1

[Event "Voronezh Region-ch"]
[Site "Voronezh"]
[Date "2018.11.27"]
[Round "5"]
[White "Zhileykin, Andrey"]
[Black "Kostin, Alexey"]
[Result "1-0"]
[WhiteElo "2222"]
[BlackElo "2253"]
[PlyCount "45"]
[EventDate "2018.11.23"]
[EventType "swiss"]
[EventRounds "9"]
[EventCountry "RUS"]
[SourceTitle "CBM 188 Extra"]
[Source "ChessBase"]
[SourceDate "2019.02.28"]
[SourceVersion "1"]
[SourceVersionDate "2019.02.28"]
[SourceQuality "1"]

1. d4 Nf6 2. c4 e6 3. Nf3 b6 4. a3 Bb7 5. Nc3 d5 6. cxd5 Nxd5 7. e3 Nd7 8. Bd3 Be7 9. e4 Nxc3 10. bxc3 c5 11. 0-0 0-0 12. Bf4 cxd4 13. cxd4 Rc8 14. Qe2 Rc3 15. Rfc1 Rxc1+ 16. Rxc1 Bxa3 17. Rc7 Ba8 18. Rxa7 e5 19. Bg5 f6 20. Qa2+ Kh8 21. Qxa3 fxg5 22. Rxd7 Qxd7 23. Qxf8# 1-0

[Event "Voronezh Region-ch"]
[Site "Voronezh"]
[Date "2018.11.25"]
[Round "3"]
[White "Kislov, Sergey Aleksandrovi"]
[Black "Zhileykin, Andrey"]
[Result "1/2-1/2"]
[WhiteElo "2297"]
[BlackElo "2222"]
[PlyCount "76"]
[EventDate "2018.11.23"]
[EventType "swiss"]
[EventRounds "9"]
[EventCountry "RUS"]
[SourceTitle "CBM 188 Extra"]
[Source "ChessBase"]
[SourceDate "2019.02.28"]
[SourceVersion "1"]
[SourceVersionDate "2019.02.28"]
[SourceQuality "1"]

1. e4 c5 2. Nc3 e6 3. Nf3 a6 4. d4 cxd4 5. Nxd4 Qc7 6. Bd3 Nf6 7. 0-0 Nc6 8. Nxc6 bxc6 9. Qe2 d5 10. Bg5 Be7 11. e5 h6 12. Bh4 Nd7 13. Bxe7 Kxe7 14. Rae1 a5 15. b3 Nc5 16. f4 g6 17. Qf2 Qa7 18. Kh1 Nxd3 19. cxd3 Qxf2 20. Rxf2 g5 21. Na4 Rb8 22. Rc1 Bd7 23. Nc5 Be8 24. f5 exf5 25. Rxf5 Rh7 26. Rf6 h5 27. Kg1 h4 28. Kf2 Rb4 29. Ke3 Rg4 30. Rc2 h3 31. g3 Rxg3+ 32. hxg3 h2 33. Rxh2 Rxh2 34. Rf2 d4+ 35. Ke2 Rh1 36. Rf5 Rh2+ 37. Rf2 Rh1 38. Rf1 Rh2+ 1/2-1/2

[Event "Voronezh Region-ch"]
[Site "Voronezh"]
[Date "2017.12.16"]
[Round "4"]
[White "Zhileykin, Andrey"]
[Black "Cherednichenko, Dmitrij"]
[Result "1-0"]
[WhiteElo "2209"]
[BlackElo "2216"]
[PlyCount "129"]
[EventDate "2017.12.12"]
[EventType "swiss"]
[EventRounds "9"]
[EventCountry "RUS"]
[SourceTitle "CBM 182 Extra"]
[Source "ChessBase"]
[SourceDate "2018.02.23"]
[SourceVersion "1"]
[SourceVersionDate "2018.02.23"]
[SourceQuality "1"]

1. c4 e5 2. a3 Nf6 3. d3 d5 4. cxd5 Nxd5 5. Nf3 Nc6 6. e4 Nde7 7. Be2 g6 8. b4 Bg7 9. Bb2 0-0 10. Nbd2 Nd4 11. Nxd4 exd4 12. Rc1 f5 13. Qc2 c6 14. Nb3 Be6 15. Nc5 Qc8 16. Nxe6 Qxe6 17. 0-0 Rad8 18. exf5 Qxf5 19. Bf3 Qf7 20. Rfe1 Nd5 21. Bxd5 Rxd5 22. Re2 Kh8 23. Rce1 Rf5 24. Re7 Qd5 25. g3 h5 26. R1e4 R8f7 27. Rxf7 Qxf7 28. Bxd4 Bxd4 29. Rxd4 Re5 30. Qc3 Kh7 31. Rd8 Qg7 32. Qd4 Re1+ 33. Kg2 Qxd4 34. Rxd4 Ra1 35. Rd7+ Kh6 36. Rxb7 Rxa3 37. Rd7 Rb3 38. Rd4 Kg5 39. Kf3 Kf5 40. Ke3 Ke5 41. Re4+ Kd6 42. g4 h4 43. g5 h3 44. Rf4 Ke5 45. Rf6 Rxb4 46. Rxc6 Kf5 47. Rc5+ Ke6 48. d4 Rb1 49. Kf4 Rg1 50. Rc6+ Kd5 51. Rxg6 Rg2 52. f3 Rxh2 53. Kg3 Rh1 54. f4 Kxd4 55. Re6 a5 56. Re8 h2 57. Ra8 Rf1 58. Kxh2 Rxf4 59. Kg3 Rf5 60. Kg4 Rd5 61. g6 Kc3 62. g7 Rd1 63. g8Q Rg1+ 64. Kf5 Rxg8 65. Rxg8 1-0

[Event "Voronezh op-A 21st"]
[Site "Voronezh"]
[Date "2017.06.21"]
[Round "9"]
[White "Obolentseva, Alexandra"]
[Black "Zhileykin, Andrey"]
[Result "1/2-1/2"]
[WhiteElo "2283"]
[BlackElo "2225"]
[PlyCount "81"]
[EventDate "2017.06.12"]
[EventType "swiss"]
[EventRounds "9"]
[EventCountry "RUS"]
[SourceTitle "EXT 2018"]
[Source "ChessBase"]
[SourceDate "2017.10.13"]
[SourceVersion "1"]
[SourceVersionDate "2017.10.13"]
[SourceQuality "1"]

1. d4 Nf6 2. c4 e6 3. Nf3 Bb4+ 4. Bd2 a5 5. Nc3 0-0 6. g3 d5 7. cxd5 exd5 8. Bg2 Re8 9. 0-0 Nbd7 10. a3 Bf8 11. Qc2 c6 12. Rfe1 g6 13. Rad1 Bg7 14. Qc1 Ne4 15. Bf4 Qb6 16. Nxe4 dxe4 17. Ng5 Nf6 18. Be5 Bf5 19. Bh3 Bxh3 20. Nxh3 Nd5 21. Bxg7 Kxg7 22. Nf4 Nxf4 23. gxf4 Rad8 24. Qc3 Rd5 25. Rd2 Kg8 26. Rb1 Qd8 27. b4 axb4 28. Rxb4 Qd7 29. Qe3 c5 30. Rc4 b6 31. a4 Qe6 32. Rcc2 cxd4 33. Rxd4 Qg4+ 34. Kh1 Rxd4 35. Qxd4 Qxf4 36. Rc6 Qg4 37. Rc2 Qh3 38. Kg1 Qg4+ 39. Kh1 Qf5 40. Rc3 Qg4 41. Rc2 1/2-1/2

[Event "Voronezh op-A 21st"]
[Site "Voronezh"]
[Date "2017.06.12"]
[Round "1"]
[White "Harutjunyan, Gevorg"]
[Black "Zhileykin, Andrey"]
[Result "0-1"]
[WhiteElo "2472"]
[BlackElo "2225"]
[PlyCount "88"]
[EventDate "2017.06.12"]
[EventType "swiss"]
[EventRounds "9"]
[EventCountry "RUS"]
[SourceTitle "EXT 2018"]
[Source "ChessBase"]
[SourceDate "2017.10.13"]
[SourceVersion "1"]
[SourceVersionDate "2017.10.13"]
[SourceQuality "1"]

1. Nf3 d5 2. g3 Bg4 3. Bg2 Nd7 4. 0-0 c6 5. d4 Ngf6 6. Nbd2 e6 7. Re1 Be7 8. h3 Bf5 9. Nh4 Be4 10. Nxe4 dxe4 11. Bf1 c5 12. e3 0-0 13. c4 Qb6 14. b3 Rfd8 15. Bb2 Ne5 16. Qc2 Nc6 17. dxc5 Nb4 18. Qb1 Qxc5 19. a3 Nd3 20. Bd4 Qc6 21. Rd1 Rd7 22. Nf3 Rad8 23. Bxd3 exf3 24. Rd2 g6 25. b4 e5 26. Bxe5 Qe6 27. Bd4 Rxd4 28. exd4 Qxh3 29. Qf1 Qh6 30. Qd1 Ng4 31. Qxf3 Qxd2 32. Rd1 Qg5 33. Be2 f5 34. Kg2 Bf6 35. d5 Qh6 36. d6 Qh2+ 37. Kf1 Kh8 38. c5 Re8 39. b5 Qh3+ 40. Ke1 Nh2 41. Qd3 Qf1+ 42. Kd2 Qxf2 43. Rh1 g5 44. Kd1 Qxc5 0-1

[Event "Moscow op-F 13th"]
[Site "Moscow"]
[Date "2017.02.04"]
[Round "9"]
[White "Vaseptsov, Maxim"]
[Black "Zhileykin, Andrey"]
[Result "1-0"]
[WhiteElo "2348"]
[BlackElo "2259"]
[PlyCount "63"]
[EventDate "2017.01.27"]
[EventType "swiss"]
[EventRounds "9"]
[EventCountry "RUS"]
[SourceTitle "CBM 176 Extra"]
[Source "ChessBase"]
[SourceDate "2017.03.02"]
[SourceVersion "1"]
[SourceVersionDate "2017.03.02"]
[SourceQuality "1"]

1. e4 c5 2. a3 g6 3. b4 Bg7 4. c3 d5 5. exd5 Qxd5 6. Nf3 Nc6 7. Be2 e5 8. Bb2 a6 9. 0-0 Nge7 10. bxc5 Qxc5 11. d4 exd4 12. cxd4 Qb6 13. Nbd2 0-0 14. Nc4 Qa7 15. Nce5 Be6 16. Qd2 Rad8 17. Qf4 Nf5 18. Rad1 Bb3 19. g4 Bxd1 20. Rxd1 Nfe7 21. Bc4 Nd5 22. Qe4 Nxe5 23. Nxe5 Bxe5 24. dxe5 Nc3 25. Bxc3 Rxd1+ 26. Kg2 b5 27. Bb3 Qc5 28. Qf3 Rd4 29. e6 Rxg4+ 30. Kf1 f5 31. e7+ Rc4 32. Bb4 1-0

[Event "Moscow op-F 13th"]
[Site "Moscow"]
[Date "2017.02.03"]
[Round "8"]
[White "Zhileykin, Andrey"]
[Black "Lugovets, Dmitry"]
[Result "1-0"]
[WhiteElo "2259"]
[BlackElo "1990"]
[PlyCount "32"]
[EventDate "2017.01.27"]
[EventType "swiss"]
[EventRounds "9"]
[EventCountry "RUS"]
[SourceTitle "CBM 176 Extra"]
[Source "ChessBase"]
[SourceDate "2017.03.02"]
[SourceVersion "1"]
[SourceVersionDate "2017.03.02"]
[SourceQuality "1"]

1. e4 e6 2. d4 d5 3. Nc3 Nf6 4. exd5 exd5 5. Bd3 c6 6. Nge2 Bd6 7. Bf4 Bg4 8. Qd2 Na6 9. a3 Nc7 10. f3 Bh5 11. 0-0-0 Bg6 12. Rde1 Bxd3 13. Bxd6 Ne6 14. Be5 Bxe2 15. Rxe2 0-0 16. g4 Nd7 1-0

[Event "Moscow op-F 13th"]
[Site "Moscow"]
[Date "2017.02.01"]
[Round "6"]
[White "Zhileykin, Andrey"]
[Black "Shopanov, Akzhan"]
[Result "1/2-1/2"]
[WhiteElo "2259"]
[BlackElo "2129"]
[PlyCount "94"]
[EventDate "2017.01.27"]
[EventType "swiss"]
[EventRounds "9"]
[EventCountry "RUS"]
[SourceTitle "CBM 176 Extra"]
[Source "ChessBase"]
[SourceDate "2017.03.02"]
[SourceVersion "1"]
[SourceVersionDate "2017.03.02"]
[SourceQuality "1"]

1. e4 c5 2. Nf3 Nc6 3. d4 cxd4 4. Nxd4 Nf6 5. Nc3 e5 6. Ndb5 d6 7. Nd5 Nxd5 8. exd5 Nb8 9. c4 a6 10. Nc3 Be7 11. Be2 0-0 12. 0-0 f5 13. f4 Nd7 14. Be3 Bf6 15. Rc1 Re8 16. Qd2 exf4 17. Bxf4 Ne5 18. Kh1 Bd7 19. b4 Ng6 20. Bxd6 Bxc3 21. Rxc3 Qf6 22. Bf3 Qxd6 23. c5 Qf4 24. Qxf4 Nxf4 25. c6 bxc6 26. dxc6 Be6 27. a4 Bd5 28. b5 axb5 29. axb5 Bxf3 30. Rcxf3 Nd5 31. h3 Ra5 32. Rb3 Rb8 33. Rc1 Raxb5 34. Rxb5 Rxb5 35. c7 Nxc7 36. Rxc7 Kf8 37. Ra7 Re5 38. Kh2 Re7 39. Ra8+ Kf7 40. Ra6 Re6 41. Ra8 h6 42. Ra5 Kf6 43. Ra8 f4 44. Kg1 g5 45. Kf2 Kf5 46. Ra5+ Re5 47. Ra8 Re6 1/2-1/2

[Event "Moscow op-F 13th"]
[Site "Moscow"]
[Date "2017.01.31"]
[Round "5"]
[White "Vakhlamov, Igor L"]
[Black "Zhileykin, Andrey"]
[Result "1-0"]
[WhiteElo "2405"]
[BlackElo "2259"]
[PlyCount "72"]
[EventDate "2017.01.27"]
[EventType "swiss"]
[EventRounds "9"]
[EventCountry "RUS"]
[SourceTitle "CBM 176 Extra"]
[Source "ChessBase"]
[SourceDate "2017.03.02"]
[SourceVersion "1"]
[SourceVersionDate "2017.03.02"]
[SourceQuality "1"]

1. c4 Nf6 2. Nc3 g6 3. e4 d6 4. d4 Bg7 5. Nf3 0-0 6. Be2 e5 7. Be3 Ng4 8. Bg5 f6 9. Bh4 g5 10. Bg3 Nc6 11. h3 Nh6 12. dxe5 fxe5 13. c5 Nd4 14. cxd6 cxd6 15. Nxd4 exd4 16. Nb5 Be5 17. Nxd4 Qa5+ 18. Kf1 Qc5 19. Bxe5 dxe5 20. Nf3 g4 21. Rc1 Qb6 22. hxg4 Nxg4 23. Qb3+ Be6 24. Qxb6 axb6 25. Bc4 Bxc4+ 26. Rxc4 b5 27. Rc7 Nf6 28. Nxe5 Rxa2 29. Rh3 Nxe4 30. Rhxh7 Ra1+ 31. Ke2 Rxf2+ 32. Kd3 Nc5+ 33. Ke3 Rxg2 34. Rhe7 Rf1 35. Rxc5 Rf8 36. Rcc7 Rg5 1-0

[Event "Moscow op-A"]
[Site "Moscow"]
[Date "2016.01.31"]
[Round "2"]
[White "Sanzhaev, Darsen"]
[Black "Zhileykin, Andrey"]
[Result "1-0"]
[WhiteElo "2373"]
[BlackElo "2210"]
[PlyCount "53"]
[EventDate "2016.01.30"]
[EventType "swiss"]
[EventRounds "9"]
[EventCountry "RUS"]
[SourceTitle "CBM 170 Extra"]
[Source "ChessBase"]
[SourceDate "2016.02.25"]
[SourceVersion "1"]
[SourceVersionDate "2016.02.25"]
[SourceQuality "1"]

1. c4 Nf6 2. Nc3 c5 3. Nf3 d5 4. cxd5 Nxd5 5. g3 Nc6 6. Bg2 Nc7 7. d3 e5 8. Be3 Be7 9. 0-0 0-0 10. Rc1 Rb8 11. Nd2 Nd4 12. Nc4 f6 13. f4 b5 14. Na5 exf4 15. Bxf4 b4 16. Bxc7 Qxc7 17. Nd5 Qd8 18. e3 Bd6 19. Nc4 Ne6 20. Qh5 Bb7 21. Nxf6+ gxf6 22. Bxb7 Rxb7 23. Qd5 Qe7 24. Nxd6 Rd8 25. Qxb7 Qxd6 26. Rxf6 Rd7 27. Qe4 1-0

[Event "Moscow op-A"]
[Site "Moscow"]
[Date "2016.01.30"]
[Round "1"]
[White "Zhileykin, Andrey"]
[Black "Shtembuliak, Evgeny"]
[Result "0-1"]
[WhiteElo "2210"]
[BlackElo "2420"]
[PlyCount "68"]
[EventDate "2016.01.30"]
[EventType "swiss"]
[EventRounds "9"]
[EventCountry "RUS"]
[SourceTitle "CBM 170 Extra"]
[Source "ChessBase"]
[SourceDate "2016.02.25"]
[SourceVersion "1"]
[SourceVersionDate "2016.02.25"]
[SourceQuality "1"]

1. d4 Nf6 2. Nf3 d6 3. Bf4 g6 4. h3 Bg7 5. e3 0-0 6. Be2 Nbd7 7. 0-0 b6 8. a4 a6 9. a5 b5 10. Nbd2 Bb7 11. Bh2 c5 12. c3 Re8 13. b4 c4 14. Ne1 e5 15. Nc2 Qe7 16. Re1 Rad8 17. Bf1 Nd5 18. Ra3 e4 19. Qb1 f5 20. Nxc4 bxc4 21. Bxc4 Kh8 22. Qa2 Nc7 23. Rb3 Nb5 24. Na3 Bc6 25. Bf1 d5 26. c4 dxc4 27. Bxc4 Nf6 28. Qb2 Qb7 29. Rb1 Nd5 30. Bf1 Nxa3 31. Qxa3 Bb5 32. Bxb5 Qxb5 33. Rc1 Qe2 34. Rc5 Qe1# 0-1

[Event "Voronezh op-A 19th"]
[Site "Voronezh"]
[Date "2015.06.19"]
[Round "8"]
[White "Zhileykin, Andrey"]
[Black "Zubkov, Vsevolod"]
[Result "0-1"]
[WhiteElo "2253"]
[BlackElo "2371"]
[PlyCount "68"]
[EventDate "2015.06.12"]
[EventType "swiss"]
[EventRounds "9"]
[EventCountry "RUS"]
[SourceTitle "CBM 167 Extra"]
[Source "ChessBase"]
[SourceDate "2015.09.14"]
[SourceVersion "1"]
[SourceVersionDate "2015.09.14"]
[SourceQuality "1"]

1. e4 e6 2. d4 d5 3. Nc3 Nf6 4. Bg5 Bb4 5. e5 h6 6. exf6 hxg5 7. fxg7 Rg8 8. a3 Bxc3+ 9. bxc3 Qf6 10. h4 gxh4 11. Qh5 Nc6 12. Qxh4 Qxh4 13. Rxh4 Rxg7 14. Bb5 Rxg2 15. Rh8+ Ke7 16. Ne2 Kd6 17. Bxc6 Kxc6 18. Rf8 Rg7 19. 0-0-0 b6 20. Rg1 Bb7 21. Rxa8 Rxg1+ 22. Nxg1 Bxa8 23. Nh3 Kd6 24. f4 Bc6 25. Kd2 Ke7 26. Ng1 Kf6 27. Nf3 Kf5 28. Ke3 Ba4 29. Ne1 Kg4 30. c4 dxc4 31. c3 Bc6 32. Nc2 a5 33. Ne1 f5 34. Nc2 Be4 0-1

[Event "Voronezh CC-ch"]
[Site "Voronezh"]
[Date "2014.10.21"]
[Round "4"]
[White "Aminov, Andrey"]
[Black "Zhileykin, Andrey"]
[Result "1-0"]
[WhiteElo "2189"]
[BlackElo "1984"]
[PlyCount "161"]
[EventDate "2014.10.17"]
[EventType "swiss"]
[EventRounds "9"]
[EventCountry "RUS"]
[SourceTitle "CBM 163 Extra"]
[Source "ChessBase"]
[SourceDate "2014.12.23"]
[SourceVersion "1"]
[SourceVersionDate "2014.12.23"]
[SourceQuality "1"]

1. e4 c5 2. Nf3 d6 3. c3 Nf6 4. h3 Bd7 5. e5 dxe5 6. Nxe5 Nc6 7. Nxd7 Qxd7 8. d3 e6 9. Be2 Be7 10. 0-0 0-0 11. Qc2 Rac8 12. Nd2 Rfd8 13. Rd1 Qc7 14. a4 b6 15. Nc4 Ne5 16. Nxe5 Qxe5 17. Bf3 Nd5 18. Qe2 Bf6 19. Qxe5 Bxe5 20. g3 a5 21. Kf1 Kf8 22. Ke2 Ke7 23. Bd2 Rc7 24. Re1 Nf6 25. Rad1 Kf8 26. Bc1 Nd5 27. Kd2 Bf6 28. Kc2 Rcd7 29. Kb3 Be7 30. d4 cxd4 31. Rxd4 Bc5 32. Rd2 Nc7 33. Ree2 Ke7 34. Rxd7+ Rxd7 35. Bd2 Ne8 36. Kc2 Rc7 37. Be4 Nf6 38. Bf3 Ne8 39. Kb1 Bd6 40. Ka2 Ra7 41. Bc6 Nf6 42. b4 Rc7 43. Bg2 Nd7 44. Kb3 Kd8 45. Be3 Ke7 46. Bd4 Kf8 47. Bf3 g6 48. Bg2 e5 49. Be3 f6 50. Bd5 Ke7 51. Bc4 Rb7 52. Ba6 Rb8 53. Bb5 Nf8 54. Bc4 Nd7 55. Rd2 Rb7 56. Ba6 Rb8 57. Kc4 Ra8 58. Kb5 axb4 59. cxb4 Bxb4 60. Rxd7+ Kxd7 61. Bxb6 Be1 62. Bb7 Rb8 63. Ka6 Ke6 64. Ka7 Rh8 65. Bc6 h6 66. a5 Bxa5 67. Bxa5 h5 68. Kb6 h4 69. g4 Rd8 70. Kc5 Rd3 71. Bg2 Rd4 72. Bc3 Rd1 73. Kc4 Rd8 74. Bf3 Rc8+ 75. Kd3 Rd8+ 76. Ke2 Rc8 77. Bd2 Rc7 78. Be3 Rc2+ 79. Kd3 Rc8 80. Bd1 Rd8+ 81. Ke2 1-0

[Event "Voronezh op-A 18th"]
[Site "Voronezh"]
[Date "2014.06.18"]
[Round "6"]
[White "Zhileykin, Andrey"]
[Black "Afanasiev, Nikita"]
[Result "0-1"]
[WhiteElo "2090"]
[BlackElo "2313"]
[PlyCount "92"]
[EventDate "2014.06.12"]
[EventType "swiss"]
[EventRounds "9"]
[EventCountry "RUS"]
[SourceTitle "CBM 160 Extra"]
[Source "ChessBase"]
[SourceDate "2014.07.01"]
[SourceVersion "1"]
[SourceVersionDate "2014.07.01"]
[SourceQuality "1"]

1. c4 Nf6 2. Nc3 c5 3. g3 Nc6 4. Bg2 g6 5. d3 Bg7 6. e4 d6 7. Nge2 Bd7 8. Be3 a6 9. 0-0 h5 10. h4 Ng4 11. Bg5 0-0 12. Rb1 b5 13. Nd5 Re8 14. f3 Nge5 15. b3 Qa5 16. Bd2 b4 17. Qc2 Qd8 18. Bc1 a5 19. Kh1 e6 20. Ne3 Nd4 21. Nxd4 cxd4 22. Nd1 Bc6 23. Nf2 Nd7 24. Bg5 Qc7 25. Bf4 Nc5 26. Rfc1 Ra7 27. Qd1 Rea8 28. Bd2 Qb7 29. Qe1 f5 30. Nh3 Nxd3 31. Qe2 Nxc1 32. Rxc1 fxe4 33. fxe4 Be5 34. g4 d3 35. Qxd3 hxg4 36. Ng5 a4 37. Be3 Ra5 38. Bd4 axb3 39. axb3 Qg7 40. Be3 Ra1 41. Rg1 Rxg1+ 42. Kxg1 Ra1+ 43. Bf1 Qh8 44. Nxe6 Qxh4 45. Bf4 g3 46. Qd2 Bxe4 0-1

[Event "Voronezh op-A 18th"]
[Site "Voronezh"]
[Date "2014.06.16"]
[Round "5"]
[White "Kostin, Alexey"]
[Black "Zhileykin, Andrey"]
[Result "1/2-1/2"]
[WhiteElo "2303"]
[BlackElo "2090"]
[PlyCount "36"]
[EventDate "2014.06.12"]
[EventType "swiss"]
[EventRounds "9"]
[EventCountry "RUS"]
[SourceTitle "CBM 160 Extra"]
[Source "ChessBase"]
[SourceDate "2014.07.01"]
[SourceVersion "1"]
[SourceVersionDate "2014.07.01"]
[SourceQuality "1"]

1. d4 Nf6 2. Nf3 d5 3. c4 c6 4. cxd5 cxd5 5. Nc3 Nc6 6. e3 e6 7. Bd3 Bd6 8. 0-0 0-0 9. e4 dxe4 10. Nxe4 Be7 11. Nc3 b6 12. Be3 Bb7 13. Rc1 Rc8 14. Bb1 Bd6 15. Ne4 Be7 16. Nc3 Bd6 17. Ne4 Be7 18. Nc3 Bd6 1/2-1/2

[Event "Voronezh op-A 18th"]
[Site "Voronezh"]
[Date "2014.06.15"]
[Round "4"]
[White "Triapishko, Alexandr"]
[Black "Zhileykin, Andrey"]
[Result "1-0"]
[WhiteElo "2280"]
[BlackElo "2090"]
[PlyCount "99"]
[EventDate "2014.06.12"]
[EventType "swiss"]
[EventRounds "9"]
[EventCountry "RUS"]
[SourceTitle "CBM 160 Extra"]
[Source "ChessBase"]
[SourceDate "2014.07.01"]
[SourceVersion "1"]
[SourceVersionDate "2014.07.01"]
[SourceQuality "1"]

1. b3 e5 2. Bb2 Nc6 3. e3 Nf6 4. Bb5 Bd6 5. Na3 a6 6. Bxc6 dxc6 7. Nc4 Qe7 8. Ne2 Bg4 9. f3 Bd7 10. e4 b5 11. Ne3 Ba3 12. Qc1 Bxb2 13. Qxb2 Nh5 14. 0-0 0-0 15. Rae1 Nf4 16. d4 Qg5 17. Kh1 exd4 18. Qxd4 Rad8 19. Nxf4 Qxf4 20. Rd1 h6 21. Rd3 Qh4 22. Rfd1 Kh7 23. Kg1 Qg5 24. Qc3 Bc8 25. Rxd8 Rxd8 26. Rxd8 Qxd8 27. g3 Qg5 28. Kf2 Qh5 29. h4 Qg6 30. Ng2 Qd6 31. Ne3 Be6 32. e5 Qd7 33. h5 Kg8 34. g4 a5 35. Ke2 a4 36. Qc5 axb3 37. axb3 Qe8 38. Qc3 Qd7 39. Qc5 Qe8 40. f4 Qa8 41. f5 Bd5 42. Qe7 Qa1 43. e6 fxe6 44. Qe8+ Kh7 45. fxe6 Qf6 46. e7 Qf3+ 47. Kd2 Qf2+ 48. Kd3 Bc4+ 49. bxc4 bxc4+ 50. Ke4 1-0

[Event "Voronezh Region-ch"]
[Site "Voronezh"]
[Date "2013.12.11"]
[Round "8"]
[White "Zhileykin, Andrey"]
[Black "Rodin, Dmitrij"]
[Result "0-1"]
[WhiteElo "2057"]
[BlackElo "2355"]
[PlyCount "72"]
[EventDate "2013.12.03"]
[EventType "swiss"]
[EventRounds "9"]
[EventCountry "RUS"]
[SourceTitle "CBM 158 Extra"]
[Source "ChessBase"]
[SourceDate "2014.02.28"]
[SourceVersion "1"]
[SourceVersionDate "2014.02.28"]
[SourceQuality "1"]

1. e4 c5 2. Nf3 e6 3. d3 Nc6 4. g3 d6 5. Bg2 Nf6 6. 0-0 Be7 7. Re1 0-0 8. Nbd2 Re8 9. Nf1 Qc7 10. Bf4 e5 11. Bd2 Be6 12. Ne3 Rad8 13. c4 Nd4 14. Nxd4 cxd4 15. Nd5 Nxd5 16. cxd5 Bd7 17. Qb3 Rc8 18. Rac1 Qb8 19. Rf1 Rxc1 20. Rxc1 Rc8 21. Rc4 b5 22. Rc2 Bd8 23. h4 a5 24. Rxc8 Qxc8 25. a3 Bb6 26. Kh2 h6 27. Qd1 Bg4 28. f3 Bd7 29. Qc1 Qxc1 30. Bxc1 Bc5 31. Bd2 b4 32. axb4 Bxb4 33. Bxb4 axb4 34. b3 Ba4 35. Kg1 Bxb3 36. Kf2 Ba2 0-1

[Event "Voronezh Region-ch"]
[Site "Voronezh"]
[Date "2013.12.10"]
[Round "7"]
[White "Zhileykin, Andrey"]
[Black "Chuprikov, Dmitry"]
[Result "0-1"]
[WhiteElo "2057"]
[BlackElo "2334"]
[PlyCount "72"]
[EventDate "2013.12.03"]
[EventType "swiss"]
[EventRounds "9"]
[EventCountry "RUS"]
[SourceTitle "CBM 158 Extra"]
[Source "ChessBase"]
[SourceDate "2014.02.28"]
[SourceVersion "1"]
[SourceVersionDate "2014.02.28"]
[SourceQuality "1"]

1. d4 d6 2. c4 g6 3. Nc3 Bg7 4. e4 Nc6 5. d5 Nd4 6. Be3 c5 7. Nge2 Qb6 8. Rb1 e5 9. dxe6 fxe6 10. h4 Ne7 11. h5 Bd7 12. Bg5 Rf8 13. Nf4 h6 14. Bxe7 Rxf4 15. Bh4 g5 16. Bg3 Rf7 17. Bd3 Ke7 18. 0-0 Be5 19. Qd2 Raf8 20. Ne2 Nxe2+ 21. Bxe2 Bxg3 22. fxg3 Rxf1+ 23. Rxf1 Rxf1+ 24. Bxf1 Qb4 25. Qxb4 cxb4 26. Kf2 Kf6 27. Be2 Ke5 28. Ke3 Bc6 29. Bd3 Ba4 30. b3 Bc6 31. g4 a6 32. g3 b5 33. cxb5 Bxb5 34. Bb1 Be8 35. Bc2 Bf7 36. Bb1 d5 0-1

[Event "Voronezh Region-ch"]
[Site "Voronezh"]
[Date "2013.12.05"]
[Round "3"]
[White "Zhileykin, Andrey"]
[Black "Kornilov, Peter"]
[Result "1-0"]
[WhiteElo "2057"]
[BlackElo "2018"]
[PlyCount "69"]
[EventDate "2013.12.03"]
[EventType "swiss"]
[EventRounds "9"]
[EventCountry "RUS"]
[SourceTitle "CBM 158 Extra"]
[Source "ChessBase"]
[SourceDate "2014.02.28"]
[SourceVersion "1"]
[SourceVersionDate "2014.02.28"]
[SourceQuality "1"]

1. e4 c5 2. Nf3 Nc6 3. Bb5 Nd4 4. Nxd4 cxd4 5. 0-0 g6 6. c3 Qb6 7. Ba4 Bg7 8. d3 e5 9. cxd4 exd4 10. Nd2 Ne7 11. Nc4 Qa6 12. Bg5 f6 13. Bb5 Qe6 14. Bf4 Kf8 15. Nd6 Nc6 16. Bc4 Qe7 17. Nf7 Ne5 18. Bxe5 fxe5 19. Nxh8 Bxh8 20. f4 Ke8 21. fxe5 Bxe5 22. Qf3 Rb8 23. Qf7+ Qxf7 24. Rxf7 b5 25. Bd5 h5 26. Raf1 a5 27. Rf8+ Ke7 28. R1f7+ Kd6 29. Re8 b4 30. Rff8 Ba6 31. Rxb8 Bxd3 32. Rb6+ Kc5 33. Rxg6 Be2 34. Rc8+ Kb5 35. Rg5 1-0